00513nam a22001577a 4500003000500000020001800005038001100023082001800034100002500052245006400077260006400141300001300205500001500218880004500233880007700278NUST a9789698023287 awaseem a891.4391bWAS aWisario, Manzoor Ali aPakistani Zubano Mein Lasani Astraak /cManzoor Ali Wisario aIslamabad :bNational Institute of Pakistan Studies,c2007. a240 p. ; aPaperback. 6100-01\raمنظور علی ویسریو 6245-02\raپاکستانی زبانوں میں لسانی اشتراک /